00795cam a2200277 i 45000010005000000030008000050050017000130080038000300200015000680350019000830350023001020350027001250350018001520350015001700400049001850410008002340820025002421000026002672450067002932500018003602600053003783000027004315040020004586500028004788300011005066730BD-RjUL20211208234312.014 r19971978ii 001 0 eng a8185015341 a(OCoLC)3002512 a(OCoLC)ocm03002512 a(CStRLIN)NYCG8198381-B a(BD-RjUL)6771 a(NNC)66966 dCStRLINdNNCdBD-RjULaBD-RjULbengcBD-RjUL aeng a515.35219bBRD 19971 aBraun, Martin,d1941-10aDifferential equations and their applications /cMartin Braun. ashort version aNew Delhi :bNarosa Pub.,cc1978 [reprint 1997]. aviii, 319 p. ;c24 cm. aIncludes index. 0aDifferential equations. 0vv. 15.